000 00722nam a2200205 4500
001 137295
003 ES-MaACL
005 20230906195339.0
007 t|
008 070214s1983 sp r ||||1| spa d
100 1 _aSamuelson, Paul A.
_9102222
245 1 0 _aEconomía /
_cPaul. A. Samuelson ; actualización de los datos estadísticos William Samuelson ; traducción de Manuel Gala Muñoz, Diego Azqueta, Luis Toharia Cortés.
260 _aMadrid :
_bMcGraw-Hill,
_c1983.
300 _aXXVIII, 986 p. ;
_c24 cm.
700 1 _aSamuelson, William.
_9102223
700 1 _aGala Muñoz, Manuel.
_953277
700 1 _aAzqueta, Diego.
_924365
700 0 _aToharia, Luis.
_9110425
852 _aES-MaACL
_jL-7282
_bR.108156
999 _c137295
_d137295